Southville International School and Colleges
Your cart is empty.
  • Cart
  • Lists
    Public lists Eva Luna New books Lux_list list_1
    Your lists Log in to create your own lists
  • Log in to your account
  • Your cookies
  • Search history
Southville International School and Colleges
  • Advanced search
  • Recent comments
  • Most popular
  • Libraries

Log in to your account

Log in with GOOGLE


If you do not have an external account, but do have a local account, you can still log in:

  1. Home
  2. MARC view: Teaching the 3 Cs : creativity, curiosity, and courtesy :
Normal view MARC view ISBD view

Teaching the 3 Cs : creativity, curiosity, and courtesy : (Record no. 25139)

[ view plain ]
MARC details
000 -LEADER
fixed length control field 00822nam a2200217 a 4500
005 - DATE AND TIME OF LATEST TRANSACTION
control field 20140310183604.0
008 - FIXED-LENGTH DATA ELEMENTS--GENERAL INFORMATION
fixed length control field 120705s19uu xx 00 eng d
020 ## - INTERNATIONAL STANDARD BOOK NUMBER
International Standard Book Number 9781412974226
050 ## - LIBRARY OF CONGRESS CALL NUMBER
Classification number LB 1139.35.A37
Item number .D57 2010
100 ## - MAIN ENTRY--PERSONAL NAME
Personal name Dischler, Patricia A.
245 ## - TITLE STATEMENT
Title Teaching the 3 Cs : creativity, curiosity, and courtesy :
Remainder of title activities that build a foundation for success /
Statement of responsibility, etc Patricia A. Dischler.
260 ## - PUBLICATION, DISTRIBUTION, ETC. (IMPRINT)
Place of publication, distribution, etc Thousand Oaks, Calif :
Name of publisher, distributor, etc Corwin Press,
Date of publication, distribution, etc 2010.
300 ## - PHYSICAL DESCRIPTION
Extent vii, 175 p. :
Other physical details ill. ;
Dimensions 26 cm.
500 ## - GENERAL NOTE
General note Includes bibliographical references and indexes.
521 ## - TARGET AUDIENCE NOTE
Target audience note
650 ## - SUBJECT ADDED ENTRY--TOPICAL TERM
Topical term or geographic name as entry element Early childhood education
General subdivision Activity programs
650 ## - SUBJECT ADDED ENTRY--TOPICAL TERM
Topical term or geographic name as entry element Creative activities and seat work
650 ## - SUBJECT ADDED ENTRY--TOPICAL TERM
Topical term or geographic name as entry element Social interaction
General subdivision Study and teaching (Early childhood)
942 ## - ADDED ENTRY ELEMENTS (KOHA)
Koha item type Books
Source of classification or shelving scheme Library of Congress Classification
Call number prefix Foreign
Holdings
Withdrawn status Lost status Source of classification or shelving scheme Damaged status Home library Current library Shelving location Date acquired Source of acquisition Total Checkouts Full call number Barcode Date last seen Copy number Price effective from Koha item type
    Library of Congress Classification   College Library College Library General Circulation Section 01/14/2014 Donation   LB 1139.35.A37 .D57 2010 C14498 05/15/2018 1 01/14/2014 Books

Teaching the 3 Cs : creativity, curiosity, and courtesy :

APA

Dischler P. A., . (2010). Teaching the 3 Cs : creativity, curiosity, and courtesy. Thousand Oaks, Calif: Corwin Press.

Chicago

Dischler Patricia A, . 2010. Teaching the 3 Cs : creativity, curiosity, and courtesy. Thousand Oaks, Calif: Corwin Press.

Harvard

Dischler P. A., . (2010). Teaching the 3 Cs : creativity, curiosity, and courtesy. Thousand Oaks, Calif: Corwin Press.

MLA

Dischler Patricia A, . Teaching the 3 Cs : creativity, curiosity, and courtesy. Thousand Oaks, Calif: Corwin Press. 2010.

  • Place hold
  • Print
  • Cite
  • Add to your cart (remove)
  • Save record
    BIBTEX Dublin Core MARCXML MARC (non-Unicode/MARC-8) MARC (Unicode/UTF-8) MARC (Unicode/UTF-8, Standard) MODS (XML) RIS
  • More searches
    Search for this title in:
    Other Libraries (WorldCat) Other Databases (Google Scholar) Online Stores (Bookfinder.com) Open Library (openlibrary.org)

Exporting to Dublin Core...

SOUTHVILLE LIBRARY

Southville International School and Colleges Library

1281 Tropical Ave. Cor. Luxembourg St., BF Homes International, Las Pinas City

Tel. No. 8256374 / 252358 Loc. 117/146

Powered by Koha